Statistics for Every 250K+ City In Japan On A Map

Click here to take the quiz!

General Stats

  • This quiz has been taken 459 times
  • The average score is 27 of 90

Answers on the Map

Answers color-coded by a green-red scale on the quiz's map according to % correct below.
 

Answer Stats

RankCityPopulation% Correct
1Tokyo9,555,000
98%
3Osaka2,725,000
96%
5Sapporo1,966,000
92%
9Kyoto1,468,000
91%
11Hiroshima1,199,000
89%
4Nagoya2,320,000
86%
44Nagasaki416,000
85%
2Yokohama3,740,000
81%
6Fukuoka1,579,000
76%
7Kobe1,520,000
73%
12Sendai1,088,000
65%
75Fukushima289,000
63%
13Chiba977,000
50%
68Naha318,000
49%
16Niigata800,000
48%
8Kawasaki1,516,000
47%
10Saitama1,295,000
47%
14Kitakyushu945,000
45%
54Nagano372,000
44%
20Okayama721,000
44%
77Aomori279,000
40%
23Kagoshima597,000
40%
18Kumamoto739,000
40%
21Shizuoka695,000
40%
17Hamamatsu794,000
37%
57Nara355,000
37%
70Akita308,000
35%
89Hakodate256,000
34%
33Oita478,000
33%
47Miyazaki398,000
31%
40Toyota425,000
31%
67Kochi331,000
29%
35Kanazawa465,000
27%
45Gifu402,000
26%
28Matsuyama510,000
26%
15Sakai831,000
26%
43Toyama417,000
26%
27Utsunomiya520,000
25%
90Yamagata250,000
25%
85Fukui263,000
24%
26Himeji531,000
24%
56Wakayama357,000
24%
66Asahikawa332,000
23%
88Tokushima256,000
23%
74Morioka294,000
22%
19Sagamihara723,000
21%
64Maebashi334,000
20%
42Takamatsu419,000
20%
78Tsu276,000
20%
25Hachioji577,000
19%
76Ibaraki282,000
18%
80Mito270,000
18%
86Shimonoseki259,000
18%
36Fukuyama463,000
16%
22Funabashi635,000
16%
29Higashiosaka496,000
15%
61Iwaki342,000
15%
34Kurashiki476,000
15%
32Nishinomiya488,000
15%
50Okazaki386,000
15%
49Yokosuka397,000
15%
58Kawagoe353,000
14%
72Kurume304,000
14%
62Otsu341,000
14%
55Takasaki369,000
14%
81Nagaoka269,000
13%
39Fujisawa431,000
12%
41Kashiwa424,000
12%
65Koriyama332,000
12%
38Machida433,000
12%
73Akashi297,000
11%
37Amagasaki451,000
11%
31Matsudo490,000
11%
53Toyohashi373,000
11%
46Hirakata400,000
10%
30Ichikawa492,000
10%
52Ichinomiya380,000
10%
24Kawaguchi589,000
10%
59Takatsuki349,000
10%
69Yokkaichi310,000
10%
83Fuchu263,000
9%
87Hiratsuka258,000
9%
79Ichihara271,000
9%
51Suita380,000
9%
63Tokorozawa341,000
9%
82Yao266,000
9%
84Kakogawa263,000
8%
71Kasugai307,000
8%
48Toyonaka398,000
8%
60Koshigaya343,000
7%

Score Distribution

Percentile by Number Answered

Percent of People with Each Score

Your Score History

You have not taken this quiz